El sueño de una noche de verano /

Guardado en:
Autor Principal: Shakespeare, William.
Otros Autores: López Castellón, Enrique; prol., Borrego, Cristina María; trad.
Formato: Libro
Idioma:Undetermined
Publicado: Madrid : Edimat, 2004.
Series:Clásicos de la Literatura
Materias:
Etiquetas: Agregar Etiqueta
Sin Etiquetas, Sea el primero en etiquetar este registro!
LEADER 00762nam a22002055a 4500
001 CEM.cems024974
008 251106s2004####sp############000#0#und#d
005 20251106153842.0
245 1 0 |a El sueño de una noche de verano /  |c William Shakespeare ; introducción por Enrique López Castellón ; traducción Cristina María Borrego. 
260 |a Madrid :  |b Edimat,  |c 2004. 
300 |a 110 p. 
490 1 |a Clásicos de la Literatura 
500 |a Edición íntegra con introducción. 
020 |a 9788497644693 
100 1 |a Shakespeare, William. 
700 1 |a López Castellón, Enrique; prol. 
700 1 |a Borrego, Cristina María; trad. 
653 |a Teatro inglés 
653 |a Literatura inglesa 
859 |a CEMS  |b BIB. CEMS - 11 de abril  |h 822.3  |i Sh14-23  |p 29519.24  |t Ej.1